000 00891cam a2200253 4500
001 ABS66050
008 021017n2002 000 0 eng u
035 _a(Sirsi) u120163
100 _aBarrett, C.
245 _aAll the right moves
260 _c2002
490 _aProperty Week
_v67(34) 6 September 2002, 44-46(3)
520 _aReports on how GlaxoSmithKline and Merril Lynch following a merger in December 2000 enlisted professional help during a move to relocate more than 3 000 employees to the group's new HQ. The article also lists 10 tips for a stress-free move.
590 _aABS
650 _aMOVING
650 _aCORPORATE RELOCATION STRATEGIES
650 _aOFFICES
650 _aRELOCATION MANAGEMENT
650 _aMERRILL LYNCH
650 _aGLAXOSMITHKLINE
650 _aPROFESSIONAL CONSULTANTS
690 _aMANAGEMENT-FACILITIES MANAGEMENT
942 _n0
999 _c71386
_d71386